ბათუმის შოთა რუსთაველის სახელმწიფო უნივერსიტეტის ბიბლიოთეკა

ქართული კინოს სამეტყველო ენა : (ბიბ.ჩანაწერი № 55021)

000 -ლიდერი
ფიქსირებული სიგრძის საკონტროლო ველი 02227nam a2200337Ia 4500
001 - საკონტროლო ნომერი
საკონტროლო ველი 22095
003 - საკონტროლო ნომრის იდენტიფიკატორი
საკონტროლო ველი GE_BSU
005 - ბოლო ოპერაციის თარიღი და დრო
საკონტროლო ველი 20221025110201.0
008 - ფიქსირებული სიგრძის მონაცემთა ელემენტები - ზოგადი ინფორმაცია
ფიქსირებული სიგრძის საკონტროლო ველი 181216s ||||ge |||||||||||||| ||geo||
020 ## - წიგნის საერთაშორისო სტანდარტული ნომერი
International Standard Book Number 9789941135019
040 ## - კატალოგიზაციის წყარო
Transcribing agency GE_BSU
041 ## - ენის კოდი
Language code of text/sound track or separate title geo
080 ## - უნივერსალური ათობითი კლასიფიკაციის ინდექსი
Universal Decimal Classification number 811.353.1-25(072) ქ-21
100 ## - მთავარი ჩანაწერი - პიროვნების სახელი
Personal name ქამუშაძე, თეა
9 (RLIN) 15515
245 ## - ცნობა სათაურის შესახებ
Title ქართული კინოს სამეტყველო ენა :
Remainder of title პრაქტიკული სავარჯიშოები ქართული ენის შემსწავლელთათვის /
Statement of responsibility, etc თეა ქამუშაძე, ციკო ინაური ; რედაქტორი კახა გაბუნია ; გარეკანის დიზაინი ნინო იოსელიანი.
264 ## - წარმოების, გამოცემის, დისტრიბუციის და სხვა ცნობები
გამოცემის, წარმოების, დისტრიბუციის... ადგილი თბილისი :
გამოცემის, წარმოების, დისტრიბუციის... სახელწოდება თბილ. უნ-ტის გამ-ბა,
გამოცემის, წარმოების, დისტრიბუციის... თარიღი 2016.
300 ## - ფიზიკური აღწერა
Extent 154 გვ. :
Other physical details ილ. ;
Dimensions 20 სმ.
504 ## - BIBLIOGRAPHY, ETC. NOTE
Bibliography, etc ბიბლიოგრაფია გვ. 149
653 ## - INDEX TERM--UNCONTROLLED
Uncontrolled term ქართული ენა
653 ## - INDEX TERM--UNCONTROLLED
Uncontrolled term ქართული ენა -- სწავლების მეთოდიკა უცხოელებისათვის
653 ## - INDEX TERM--UNCONTROLLED
Uncontrolled term ქართული ფილმებით ენის შესწავლა უცხოელებისათვის
653 ## - INDEX TERM--UNCONTROLLED
Uncontrolled term ქართული კინოს სამეტყველო ენა
653 ## - INDEX TERM--UNCONTROLLED
Uncontrolled term პრაქტიკული სავარჯიშოები ქართული ენის შემსწავლელთათვის
653 ## - INDEX TERM--UNCONTROLLED
Uncontrolled term ხელოვნება
700 ## - ADDED ENTRY--PERSONAL NAME
Personal name ინაური, ციკო
Relator term ავტორი
9 (RLIN) 15516
700 ## - ADDED ENTRY--PERSONAL NAME
Personal name გაბუნია, კახა
Relator term რედაქტორი
9 (RLIN) 15517
700 ## - ADDED ENTRY--PERSONAL NAME
Personal name იოსელიანი, ნინო
Relator term გარეკანის დიზაინი
9 (RLIN) 12336
710 ## - ADDED ENTRY--CORPORATE NAME
Corporate name or jurisdiction name as entry element ივანე ჯავახიშვილის სახელობის თბილისის სახელმწიფო უნივერსიტეტი
9 (RLIN) 15518
942 ## - ADDED ENTRY ELEMENTS (KOHA)
Koha item type წიგნი
Source of classification or shelving scheme
ეგზემპლარები
ჩამოწერის სტატუსი დაკარგული ეგზემპლარის სტატუსი კლასიფიკაციის წყარო ან თაროზე გაწყობის სქემა დაზიანების სტატუსი არ გაიცემა მუდმივი მდებარეობა (დაცვის ადგილი) ამჟამინდელი ადგილსამყოფელი თაროზე განთავსების ადგილი შეძენის თარიღი ღირებულება, შესყიდვის ნორმალური ფასი სრული შენახვის შიფრი შტრიხკოდი ბოლო ოპერაციის თარიღი ეგზემპლარის მიმდევრობითი ნომერი (კეტერი?) ფასის ძალაში შესვლის თარიღი ეგზემპლარის სახეობა საჯარო შენიშვნა
          ბათუმის შოთა რუსთაველის სახელმწიფო უნივერსიტეტის მთავარი ბიბლიოთეკა ბათუმის შოთა რუსთაველის სახელმწიფო უნივერსიტეტის მთავარი ბიბლიოთეკა წიგნსაცავი 2018-12-17 5.30 811.353.1-25(072) ქ-21 56993 2018-12-17 56993 2018-12-17 წიგნი 5.30 ₾.